[Event "17th Asian Continental-ch Open 2018"]
[Site "Makati City"]
[Date "2018.12.14"]
[Round "5.5"]
[White "Adhiban, B.."]
[Black "Jumabayev, Rinat"]
[Result "1/2-1/2"]
[WhiteElo "2695"]
[BlackElo "2602"]
[Annotator "TA"]
[PlyCount "134"]
[EventDate "2018.12.07"]
[EventType "swiss"]
[EventRounds "9"]
[EventCountry "PHI"]

{[%evp 12,134,27,25,49,57,63,44,38,45,47,38,41,11,14,6,0,0,6,0,0,0,0,0,0,-22,-5,-19,0,0,0,-50,-41,-53,-40,-40,-39,-28,-37,-46,-31,-43,-41,-51,-26,-59,-45,-59,-56,-52,0,-45,0,-49,-47,-37,-36,-52,-46,-44,-43,-43,-27,-32,0,0,0,0,0,0,0,0,0,-6,0,0,0,-31,-23,-31,-38,-40,-40,-90,-89,-70,-7,-89,-89,-82,-75,-75,-75,-74,-66,-58,-56,-113,0,0,-6,-60,-8,-100,-15,-25,-10,-25,0,-8,-8,-38,-38,-38,-38,-43,0,0,0,0,0,0,0,0,0]} 1. Nf3 d5 2. c4 e6 3. g3 Nf6 4. Bg2 dxc4 5. O-O a6 6. Qc2 {A13: English Opening: 1...e6} Nbd7 7. a4 {LiveBook: 39 Games} Nb6 8. a5 {White is slightly better.} Nbd5 9. Qxc4 b5 $146 ({Predecessor:} 9... Bd7 10. Nc3 Nxc3 11. bxc3 Bb5 12. Qb3 Bxe2 13. Re1 Bb5 14. Nd4 {1-0 (40) Tomashevsky,E (2714)-Rabiega,R (2514) Berlin 2018}) 10. axb6 $1 cxb6 11. Nc3 Bb7 12. d4 b5 13. Qb3 Be7 14. Ne5 O-O 15. Bg5 Nxc3 16. bxc3 Bxg2 17. Kxg2 Qb6 18. e3 Qb7+ 19. Kg1 Ne4 20. Bxe7 Qxe7 21. Qc2 Nd6 22. Nd3 Qc7 23. Nc5 a5 24. Rfb1 Qc6 25. Qd3 h6 26. Qf1 Rfc8 27. Qg2 Qb6 28. Na4 Qd8 29. Nc5 Rab8 30. Na6 Ra8 31. Nc5 Qb6 32. Na4 Qa7 33. Nc5 Rab8 34. Qf3 Nc4 {And now ...Nd2 would win.} 35. Ra2 $1 a4 {[%cal Ba5a4,Ba4a3][%mdl 32]} 36. Rb4 a3 37. Qd1 Rxc5 38. dxc5 Qxc5 39. Qb3 Qc6 {...Rd8 is the strong threat.} 40. Rxc4 Qxc4 41. Rxa3 $11 {[%mdl 4096] Endgame KQR-KQR} Qd3 42. Ra1 Rc8 43. Rd1 Qe2 44. Rd7 Rc5 $36 {[%mdl 2048] Black has good play.} 45. Qb1 {[%cal Rd7d8] [#]} Rf5 46. Qf1 Qc2 47. Rd3 Kh7 48. Rd7 h5 (48... Qxc3 $15 49. g4 Rg5) 49. h3 (49. Qe1 $11) 49... Qxc3 $17 50. e4 Qc6 51. Qd3 Rf3 52. Qxf3 Qxd7 53. Qxh5+ {KQ-KQ} Kg8 54. Qc5 {[#]} (54. Qe5 $15) 54... Qb7 (54... Qd1+ $1 $17 55. Kg2 Qd3) 55. Qb4 $11 Qa6 56. Qc5 (56. Qd2 $11) 56... Qa4 (56... Qa1+ $15 57. Kg2 Qa4) 57. Qc8+ Kh7 {Strongly threatening ...b4.} 58. Qd7 $1 Kg6 59. h4 $1 Qa1+ 60. Kh2 b4 {aiming for ...Qe1.} 61. h5+ Kh7 {Hoping for ...Qe1.} 62. Qxf7 Qf6 63. Qa7 $1 b3 64. Qb6 {The position is equal.} b2 65. f4 Qc3 {Threatens to win with ...Qc2+.} 66. Qxe6 Qd2+ (66... b1=Q $5 67. Qg6+ $8 Kh8 68. Qe8+ Kh7 69. Qg6+ Kh8 70. Qe8+ Kh7 71. Qg6+ $11) 67. Kh3 b1=Q {Accuracy: White = 61%, Black = 53%.} 1/2-1/2

[Event "17th Asian Continental-ch Open 2018"]
[Site "Makati City"]
[Date "2018.12.14"]
[Round "5.7"]
[White "Le, Quang Liem"]
[Black "Tan, Zhongyi"]
[Result "1-0"]
[WhiteElo "2714"]
[BlackElo "2508"]
[Annotator "TA"]
[PlyCount "103"]
[EventDate "2018.12.07"]
[EventType "swiss"]
[EventRounds "9"]
[EventCountry "PHI"]

{[%evp 13,103,0,0,-4,2,0,0,-3,12,1,27,30,20,-15,23,-17,-18,-46,-9,-22,0,0,3,-19,-20,-21,-17,-20,-16,-18,0,0,0,0,0,0,0,0,0,0,16,14,17,16,23,0,10,0,20,16,14,16,16,18,20,16,16,17,53,40,39,16,8,8,48,43,85,39,179,164,208,216,201,219,226,216,193,196,769,599,828,817,695,600,822,822,924,858,1362,1198,7226,8241]} 1. c4 e5 2. Nc3 Nf6 3. Nf3 Nc6 4. d3 d5 5. cxd5 Nxd5 6. e4 Nf6 {A28: English Opening: Four Knights Variation} 7. h3 (7. Be2 Bc5 8. O-O O-O 9. Be3 Bb6 10. Na4 Bg4 11. Rc1 Bxf3 12. Bxf3 Nd4 13. Nc5 Rb8 14. Rc4 Nxf3+ 15. Qxf3 {1-0 (53) Caruana,F (2822)-Karjakin,S (2782) Stavanger 2018}) 7... Bc5 {LiveBook: 18 Games} 8. Be3 Bb6 {The position is equal.} 9. Be2 O-O 10. O-O Re8 $146 ({Predecessor:} 10... Qe7 11. Na4 Bxe3 12. fxe3 Rd8 13. Qe1 h6 14. a3 a6 15. Rc1 Qd6 16. b4 Re8 17. Qc3 Bd7 18. Nc5 Bc8 19. Rf2 b6 20. Nb3 Bd7 {½-½ (20) Kratochvil,J (2221)-Los,A (2223) ICCF email 2013}) 11. Rc1 h6 12. Na4 Nd4 13. Nxd4 Bxd4 14. Qc2 c6 15. a3 Qd6 16. b4 Be6 17. Bxd4 Qxd4 18. Qc3 Rad8 19. Rc2 Qxc3 20. Rxc3 Bc8 21. Rfc1 Nd7 22. Bg4 Nf8 23. Bxc8 Rxc8 24. Nc5 Re7 25. Kf1 Rd8 26. Ke2 Ne6 27. Nxe6 Rxe6 $11 {[%mdl 4096] Endgame KRR-KRR} 28. Rc5 f6 29. g3 Red6 30. R1c3 Kf7 31. b5 cxb5 32. Rxb5 b6 33. f4 Ke6 34. a4 a6 35. Rb4 f5 36. Rcb3 Rb8 37. Ke3 exf4+ 38. gxf4 fxe4 39. dxe4 g6 40. h4 h5 {[#]} ({Black should play} 40... Rc6 $14) 41. Rc3 $1 $18 Rd1 42. Rc6+ Rd6 43. Rbc4 b5 44. e5 Rxc6 45. Rxc6+ {KR-KR} Kf7 $2 {[#]} (45... Kd5 46. Rd6+ (46. Rxa6 bxa4 47. Ra5+ Ke6 $16) 46... Kc5) 46. a5 {White is clearly winning.} b4 {White should prevent ...b3.} 47. Rb6 Rc8 48. Rxb4 Rc3+ 49. Ke4 Ra3 50. Rb7+ Ke8 51. Kd5 Kf8 52. e6 {Accuracy: White = 65%, Black = 37%.} 1-0

[Event "17th Asian Continental-ch Open 2018"]
[Site "Makati City"]
[Date "2018.12.14"]
[Round "5.8"]
[White "Gagare, Shardul"]
[Black "Vidit, Santosh Gujrathi"]
[Result "0-1"]
[WhiteElo "2504"]
[BlackElo "2701"]
[Annotator "TA"]
[PlyCount "100"]
[EventDate "2018.12.07"]
[EventType "swiss"]
[EventRounds "9"]
[EventCountry "PHI"]

{[%evp 34,100,0,0,0,0,0,0,0,-47,-52,-56,-54,-59,-32,-88,-79,-128,-138,-127,-94,-102,-109,-102,-112,-100,-102,-104,-108,-110,-99,-151,-149,-297,-264,-291,-296,-300,-274,-391,-384,-376,-335,-623,-569,-633,-621,-596,-597,-647,-640,-650,-580,-619,-597,-568,-577,-2490,-1467,-29973,-2716,-29975,-29971,-5410,-934,-29983,-29984,-29989,-29990]} 1. c4 e5 2. g3 Nf6 3. Bg2 d5 4. cxd5 Nxd5 5. Nc3 Nb6 6. Nf3 Nc6 7. O-O Be7 8. a3 O-O 9. b4 Be6 10. Rb1 f6 11. d3 a5 12. b5 Nd4 13. Nd2 Qc8 {A29: English Opening: Four Knights Variation with 4 g3} 14. e3 Nf5 15. Qc2 Rd8 (15... a4 16. Rd1 Nd6 17. Nde4 Nxe4 18. Nxe4 Bd5 19. Nc5 Bxg2 20. Kxg2 Bxc5 21. Qxc5 {½-½ (85) Svidler,P (2757)-Giri,A (2793) Moscow 2016}) 16. Bb2 a4 17. Rfc1 Nd6 18. Nde4 {LiveBook: 12 Games} Bb3 19. Qe2 Nf7 20. Nd2 Be6 $1 {[%cal Bb3e6,Be6g4,Bg4f5][%mdl 32]} 21. Nc4 Nxc4 22. dxc4 {[#]} c6 $146 23. bxc6 bxc6 24. Nd5 ({Better is} 24. c5 $15) 24... Bc5 $1 $17 (24... cxd5 25. cxd5 Qa6 26. Qxa6 $14) 25. Nb4 Bg4 26. f3 Bf5 27. Ra1 Qe6 28. Bc3 e4 $36 {[%mdl 2048] Keeping White busy.} 29. f4 {[#]} Rd3 $1 {[%cal Rd3e3][%mdl 512]} 30. Bd2 (30. Nxd3 exd3) 30... Nd6 31. Nxd3 exd3 32. Qf3 (32. Qf1 $142 Rc8 33. Rc3) 32... Be4 33. Qf2 (33. f5 $17 Qe8 34. Qf4) 33... Bxg2 $19 ({But not} 33... Nxc4 $2 34. Rxc4 $1 {[%mdl 512]} Qxc4 35. Rc1 $18) 34. Qxg2 {[#]} Ne4 $1 {[%cal Re4d2]} ({Weaker is} 34... Bxe3+ 35. Bxe3 Qxe3+ 36. Qf2 $11) ({Not} 34... Nxc4 35. f5 $17) 35. Kh1 Rb8 {[%cal Ba8b8,Bb8b4,Bb4b3][%mdl 32]} 36. Bb4 (36. f5 $142 Qxf5 37. Rcb1) 36... Bxb4 37. axb4 Rxb4 38. c5 $2 (38. Kg1 d2 39. Rd1) 38... d2 39. Rd1 Qd5 {...Nf2+ is the strong threat.} 40. Kg1 Qxc5 41. Qe2 Rb3 42. Rxd2 Rxe3 43. Rd8+ Kf7 44. Qa2+ Ke7 {( -> ...Re2+)} 45. Re8+ Kxe8 46. Qg8+ Kd7 (46... Ke7 $142 47. Qxg7+ Kd8 48. Qg8+ Kc7 49. Kh1 Nf2+ 50. Kg2 Nd3 51. Qxh7+ Kd6 52. Rf1 Qc2+ 53. Kg1 Re1 54. Qa7 Rxf1+ 55. Kxf1 {[#]} Qf2+ $1 {[%mdl 512]} 56. Qxf2 Nxf2 57. Ke2 a3 58. Kxf2 a2 59. Ke3 a1=Q 60. Kd3 Qf1+ 61. Kd2 c5 62. Kc3 c4 63. Kd2 Qd3+ 64. Ke1 c3 65. Kf2 c2 66. h4 c1=Q 67. Kg2 Qdf1+ 68. Kh2 Qh1#) 47. Qxg7+ Kc8 48. Kh1 Nd6 {White must now prevent ...Qd5+.} 49. Rd1 Qc2 50. Qf8+ Ne8 {Accuracy: White = 32%, Black = 98%.} 0-1

[Event "17th Asian Continental-ch Open 2018"]
[Site "Makati City"]
[Date "2018.12.14"]
[Round "5.9"]
[White "Megaranto, Susanto"]
[Black "Maghsoodloo, Parham"]
[Result "1/2-1/2"]
[WhiteElo "2512"]
[BlackElo "2688"]
[Annotator "TA"]
[PlyCount "50"]
[EventDate "2018.12.07"]
[EventType "swiss"]
[EventRounds "9"]
[EventCountry "PHI"]

{[%evp 20,50,-8,-16,0,0,0,0,12,13,12,0,0,0,0,0,13,0,11,24,48,40,72,72,63,66,104,0,52,0,99,0,50]} 1. d4 Nf6 2. Nf3 g6 3. c4 Bg7 4. Nc3 d5 5. Bg5 Ne4 6. cxd5 Nxg5 7. Nxg5 e6 8. Nf3 exd5 9. b4 O-O 10. e3 c6 11. Be2 {LiveBook: 90 Games} b6 {D91: Grünfeld: 4 Nf3 Bg7 5 Bg5} (11... Be6 12. O-O Nd7 13. Qb3 Rc8 14. Na4 b6 15. Rac1 Qe7 16. Rfd1 Rfd8 17. Rd2 c5 18. bxc5 bxc5 19. Qa3 Bf8 20. dxc5 Nxc5 {0-1 (38) Jovanovski,S (2422)-Bogosavljevic,B (2618) Belgrade 2016}) 12. O-O Bb7 13. a4 $146 ({Predecessor:} 13. Qb3 Na6 14. b5 cxb5 15. Nxb5 Nc7 16. Nxc7 Qxc7 17. Rac1 Qd6 18. Rc3 Rfc8 19. Rfc1 Rxc3 20. Rxc3 {0-1 (53) Martin,A (2215)-Khodadadi,F Ruhrgebiet 1997}) 13... Re8 14. Qb3 Nd7 15. Rfd1 a5 16. bxa5 Rxa5 17. Rab1 h5 18. g3 Re6 19. h4 Bf6 20. Bf1 Ba6 21. Bh3 Re8 22. Qc2 Nf8 23. Qb3 (23. Nd2 $16) 23... Nd7 $1 $14 24. Qc2 Nf8 25. Qb3 Nd7 $1 {Precision: White = 65%, Black = 51%.} 1/2-1/2

[Event "17th Asian Continental-ch Open 2018"]
[Site "Makati City"]
[Date "2018.12.14"]
[Round "5.10"]
[White "Firouzja, Alireza"]
[Black "Vokhidov, Shamsiddin"]
[Result "0-1"]
[WhiteElo "2607"]
[BlackElo "2480"]
[Annotator "TA"]
[PlyCount "74"]
[EventDate "2018.12.07"]
[EventType "swiss"]
[EventRounds "9"]
[EventCountry "PHI"]

{[%evp 19,74,-26,-18,-13,-23,-32,-23,-14,0,-30,-40,-34,-12,-20,-33,-30,0,0,0,6,18,-14,-14,-58,-74,-45,-48,-79,-59,-58,-45,-56,-38,-48,-19,-77,-58,-28,-61,-85,-51,-258,-254,-410,-404,-460,-431,-547,-513,-539,-542,-909,-875,-1613,-1606,-1582,-1522]} 1. e4 e5 2. Nf3 Nc6 3. Bc4 Bc5 4. c3 Nf6 5. d3 a6 6. a4 {C54: Giuoco Piano: 4 c3 Nf6, main lines with 5 d4 and 5 d3} d6 7. O-O Ba7 8. Re1 O-O (8... Ng4 9. Re2 Qf6 10. Nbd2 g5 11. Qe1 Rg8 12. Nf1 h5 13. Qd2 Be6 14. Bd5 Bxd5 15. exd5 {0-1 (29) Amin,B (2709)-Adhiban,B (2682) Zagreb 2018}) 9. Bg5 h6 10. Bh4 g5 {LiveBook: 3 Games} 11. Bg3 Nh7 12. Nbd2 Qf6 $146 ({Predecessor:} 12... h5 13. h4 g4 {0-1 (28) Paehtz,E (2474)-Grigoriants,S (2576) Minsk 2017}) 13. d4 h5 {aiming for ...h4.} 14. h4 g4 15. dxe5 dxe5 16. Nh2 $1 Ne7 17. Kh1 Bxf2 (17... Ng6 $5 {[%cal Rg6h4]}) 18. Rf1 Bxg3 19. Rxf6 Nxf6 20. Qe2 Kg7 21. Nhf1 (21. Qe3 $5 {[%cal Re3g3]} Bf4 22. Qc5 $11 {[%mdl 64] Double Attack}) 21... Bxh4 22. Qe3 {Hoping for g3.} Ne8 23. Ng3 Bxg3 24. Qxg3 Ng6 25. Qe3 Bd7 26. Bd5 Rb8 27. a5 (27. Nc4 $11) 27... Nf6 $17 {[%cal Be8f6,Bf6h5,Bh5f4][%mdl 32]} 28. Rf1 h4 29. Kg1 {[#]} Nh5 $1 ({Much weaker is} 29... Nxd5 $6 30. exd5 f6 31. Qc5 $11) 30. Qa7 $2 {[#]} ({Don't blunder} 30. Qg5 $2 Nhf4 $19) (30. Nc4 $15) 30... Nhf4 $1 $19 31. Qc5 $2 ({And not} 31. Bxb7 g3 $17) (31. Qe3) 31... c6 32. Bc4 Rbd8 {Black is clearly winning.} 33. Re1 Rh8 34. Nf1 g3 35. Ne3 h3 36. Bf1 hxg2 {[%mdl 64] Overworked Piece} 37. Bxg2 Nd3 {[%mdl 64] Double Attack. Accuracy: White = 41%, Black = 86%.} 0-1

[Event "17th Asian Continental-ch Open 2018"]
[Site "Makati City"]
[Date "2018.12.14"]
[Round "5.11"]
[White "Wen, Yang"]
[Black "Taher, Yoseph Theolifus"]
[Result "1-0"]
[WhiteElo "2604"]
[BlackElo "2454"]
[PlyCount "61"]
[EventDate "2018.12.07"]
[EventType "swiss"]
[EventRounds "9"]
[EventCountry "PHI"]
[TimeControl "40/5400+30:1800+30"]

1. e4 e5 2. Nf3 Nf6 3. Nxe5 d6 4. Nf3 Nxe4 5. Nc3 Nf6 6. d4 Be7 7. Bd3 O-O 8. O-O Bg4 9. h3 Bh5 10. Re1 Re8 11. d5 a6 12. a4 Bf8 13. Rxe8 Qxe8 14. g4 Bg6 15. Bxg6 hxg6 16. Bf4 c6 17. Ra3 Nxd5 18. Nxd5 cxd5 19. Qxd5 Nc6 20. Re3 Qd7 21. c3 Rd8 22. Ng5 Ne5 23. Bg3 Qc7 24. b3 Rc8 25. Bxe5 dxe5 26. Rf3 Rd8 27. Rxf7 Rxd5 28. Rxc7 e4 29. h4 e3 30. fxe3 Rd3 31. Rxb7 1-0

[Event "17th Asian Continental-ch Open 2018"]
[Site "Makati City"]
[Date "2018.12.14"]
[Round "5.12"]
[White "Tabatabaei, M.amin"]
[Black "Liu, Yan"]
[Result "1-0"]
[WhiteElo "2587"]
[BlackElo "2495"]
[Annotator "TA"]
[PlyCount "71"]
[EventDate "2018.12.07"]
[EventType "swiss"]
[EventRounds "9"]
[EventCountry "PHI"]

{[%evp 10,71,31,-15,55,59,62,62,71,57,55,53,48,47,60,60,64,57,66,54,61,38,40,39,49,31,47,47,55,52,53,57,53,49,57,55,68,45,83,47,48,54,38,58,152,120,130,83,87,87,82,85,94,94,93,54,70,64,53,46,54,46,63,79]} 1. e4 e5 2. Nf3 Nc6 3. Bb5 Nf6 4. O-O Nxe4 5. d4 Nd6 6. Ba4 {LiveBook: 60 Games. C67: Ruy Lopez: Berlin Defence: 4 0-0 Nxe4} (6. Bxc6 dxc6 7. dxe5 Nf5 8. Qxd8+ Kxd8 9. h3 Be7 10. Nc3 Nh4 11. Nxh4 Bxh4 12. Be3 h5 13. Ne2 Be7 14. f4 f5 15. exf6 gxf6 16. Rad1+ Ke8 17. f5 {½-½ (32) Vachier Lagrave,M (2780)-Karjakin,S (2760) Batumi 2018}) 6... Be7 ({Black should play} 6... exd4 $11 7. Bf4 Be7) 7. dxe5 $14 Nf5 $146 ({Predecessor:} 7... Ne4 8. Be3 Nc5 9. Bxc5 Bxc5 10. Nc3 O-O 11. Qd5 d6 12. Bxc6 bxc6 13. Qxc6 Rb8 {0-1 (68) Sandipan,C (2560)-Kayumov,S (2436) Hyderabad 2005}) 8. Nc3 O-O 9. Nd5 d6 10. Nxe7+ Qxe7 11. Bg5 Qe6 12. exd6 Qxd6 13. Qxd6 Nxd6 14. Bxc6 bxc6 15. Rfe1 {Be7 is the strong threat.} f6 16. Bf4 Kf7 17. Re3 Rb8 18. b3 Rb4 19. c4 Rb7 20. Rae1 Nf5 21. Re4 g5 22. Bd2 h5 23. h3 Kg6 24. Bc3 c5 25. Re8 Rxe8 26. Rxe8 g4 (26... Nd6 $1 $14 27. Rf8 Kg7) 27. hxg4 hxg4 28. Ne1 Nd6 29. Rf8 Bf5 30. Rxf6+ Kg5 31. Be5 {And now f4+ would win.} Bb1 32. f4+ Kh5 {White is slightly better.} 33. Bxd6 cxd6 34. Rxd6 {Strongly threatening Nd3.} Bxa2 35. Nd3 Rxb3 {[#] White must now prevent ...g3.} 36. Nxc5 {Accuracy: White = 53%, Black = 61%.} 1-0

[Event "17th Asian Continental-ch Open 2018"]
[Site "Makati City"]
[Date "2018.12.14"]
[Round "5.13"]
[White "De Guzman, Ricardo"]
[Black "Yakubboev, Nodirbek"]
[Result "0-1"]
[WhiteElo "2357"]
[BlackElo "2556"]
[Annotator "TA"]
[PlyCount "116"]
[EventDate "2018.12.07"]
[EventType "swiss"]
[EventRounds "9"]
[EventCountry "PHI"]

{[%evp 13,116,0,0,0,9,0,0,-2,20,13,14,-23,-10,-27,-27,-18,-25,-45,-51,-56,-52,-54,-19,-22,-16,-24,-27,-82,-80,-65,-82,-73,-65,-153,-66,-41,-27,-18,0,-8,-26,-45,-27,-46,-33,-29,-30,-31,-28,-37,-33,-38,-38,-59,-58,-59,-61,-57,-58,-113,-107,-118,-109,-166,-161,-138,-106,-95,-104,-170,-175,-233,-213,-232,-243,-257,-228,-295,-295,-271,-300,-279,-287,-280,-287,-243,-260,-302,-212,-329,-315,-1150,-1131,-1191,-1158,-5381,-4987,-29956,-11231,-5439,-5360,-29980,-29981,-29981,-29982]} 1. d4 Nf6 2. Nf3 e6 3. Bg5 c5 4. e3 h6 5. Bxf6 Qxf6 6. Nbd2 d5 {A46: 1 d4 Nf6 2 Nf3 e6: Torre, London and Colle Systems} 7. Bb5+ Bd7 {LiveBook: 3 Games} 8. Bxd7+ (8. Qe2 a6 9. Bxd7+ Nxd7 10. e4 Be7 11. exd5 exd5 12. O-O O-O 13. Rfe1 Bd6 14. c3 {½-½ (21) Ivanisevic,I (2629)-Kryvoruchko,Y (2611) Kallithea 2009}) 8... Nxd7 {The position is equal.} 9. c4 cxd4 10. Nxd4 $146 ({Predecessor:} 10. exd4 Bb4 11. O-O Bxd2 12. Qxd2 O-O 13. c5 Rfe8 14. Rfe1 {1-0 (51) Behrens,H (2305)-Tomczak,R (2305) Germany 1990}) 10... e5 11. N4f3 dxc4 12. Nxc4 Bb4+ 13. Ncd2 e4 14. Nd4 Qa6 $36 {[%mdl 2048] Threatens to win with ...Ne5. Black has some pressure.} 15. Qe2 Bxd2+ 16. Kxd2 Qa5+ 17. Kd1 O-O 18. Qb5 Qc7 19. Rc1 Qd6 20. Kc2 (20. Qxb7 $11 Rab8 21. Qc7) 20... Nc5 $17 21. Kb1 Nd3 22. Rc2 {[#]} Rac8 $1 {[%cal Rc8c2] aiming for ...Rxc2.} 23. f3 (23. Qb3 $15) 23... a6 ({Black should play} 23... Rxc2 $17 24. Nxc2 Rc8) 24. Qb3 $15 Rxc2 25. Qxc2 Qe5 26. a3 Rd8 27. g3 Qe8 28. fxe4 Qxe4 (28... Nc5 {keeps more tension.} 29. Rf1 Nxe4 30. Rf4 Nd6 31. Qd3 b5) 29. Rd1 Nf2 {...Qxc2+ is the strong threat.} 30. Qxe4 Nxe4 $11 {[%mdl 4096] Endgame KRN-KRN} 31. Rc1 Nd2+ 32. Ka2 Rd7 33. b3 g6 34. Kb2 Ne4 35. Rc8+ Kg7 36. Kc2 {[#]} (36. Rc2 $15) 36... Re7 $1 $17 37. Nf3 Nd6 38. Rb8 (38. Rd8 $17 {might work better.} Nf5 39. Kc3) 38... Rxe3 $19 39. Nd4 Re8 40. Rxe8 Nxe8 $17 {KN-KN} 41. a4 (41. Kd3 $17) 41... Kf6 $19 42. b4 (42. Kc3 {was worth a try.}) 42... Ke5 43. Kd3 Nd6 44. Nc2 f5 45. Nd4 g5 {[%cal Bg6g5,Bg5f4][%mdl 32]} 46. Nf3+ Kd5 47. Nd4 f4 48. gxf4 gxf4 49. Ne2 Ke5 50. Nd4 h5 51. a5 (51. b5 $142) 51... Ne4 52. b5 $2 (52. Nf3+ Kd5 53. h4) 52... Nc5+ 53. Kc4 Ne6 54. bxa6 bxa6 55. Nxe6 Kxe6 56. Kd4 Kf5 57. h3 h4 58. Kd3 Ke5 {Accuracy: White = 28%, Black = 68%.} 0-1

[Event "17th Asian Continental-ch Open 2018"]
[Site "Makati City"]
[Date "2018.12.14"]
[Round "5.14"]
[White "Khusnutdinov, Rustam"]
[Black "Xu, Yi"]
[Result "0-1"]
[WhiteElo "2470"]
[BlackElo "2533"]
[Annotator "TA"]
[PlyCount "66"]
[EventDate "2018.12.07"]
[EventType "swiss"]
[EventRounds "9"]
[EventCountry "PHI"]

{[%evp 16,66,29,15,32,39,25,33,35,18,23,-8,19,-54,-55,-62,-86,-95,-51,-33,-6,-6,-7,-3,-8,-74,0,0,0,-70,-92,-115,-114,-260,-251,-243,-246,-248,-150,-310,-293,-350,-366,-889,-853,-1332,-1268,-1173,-1128,-6307,-5302,-29993,-29994]} 1. e4 c5 2. Nf3 Nc6 3. d4 cxd4 4. Nxd4 e6 5. Nc3 a6 6. Be3 Nf6 7. a3 d6 {B46: Sicilian: Taimanov: 5 Nc3 a6} 8. f4 Be7 9. Qf3 {LiveBook: 5 Games} e5 {The position is equal.} 10. Nxc6 bxc6 11. fxe5 $146 ({Predecessor:} 11. f5 d5 12. exd5 cxd5 13. O-O-O e4 14. Qf4 O-O 15. Be2 Bd6 {0-1 (24) Solodovnichenko,Y (2531)-Naiditsch,A (2697) Brest 2018}) 11... dxe5 12. Bc4 O-O 13. h3 Be6 14. Qe2 ({White should try} 14. Bxe6 $11 fxe6 15. Qe2) 14... Nh5 $1 $15 {[%cal Rh5g3]} 15. Qxh5 Bxc4 16. Qf3 Bh4+ 17. Bf2 f5 {Hoping for ...fxe4.} 18. Bxh4 Qxh4+ 19. Qf2 $1 {[%cal Rf2h4]} Qg5 $36 {[%mdl 2048] Black fights for an advantage.} 20. Qc5 (20. h4 $11 {keeps the balance.} Qg4 21. Qf3) 20... Qh4+ (20... Bb5 $1 $17 21. Nxb5 Qh4+ 22. g3 Qxg3+ 23. Qf2 Qxf2+ 24. Kxf2 axb5) 21. Qf2 $11 Qg5 (21... Qh6 $11 22. Qc5 Qh4+ 23. Qf2) 22. Qc5 $15 Bb5 $1 23. Nxb5 {Strongly threatening Nd6.} Qh4+ (23... Qxg2 $6 24. O-O-O $11) 24. Kd2 {[#]} (24. g3 $17 Qxg3+ 25. Qf2 Qxf2+ 26. Kxf2 cxb5 27. Rhf1) 24... Qg5+ $1 $19 (24... cxb5 25. Rae1 $17) (24... Qxe4 25. Nd6 $16) 25. Kc3 {[#] Nd6 is the strong threat.} Qg3+ $1 ({Much less strong is} 25... cxb5 26. Kb3) ({Don't take} 25... axb5 26. Kb3 $17) 26. Kb4 {aiming for Nd6.} cxb5 27. Ka5 $2 (27. c3 $17) 27... Qxg2 28. exf5 Rac8 ({Less strong is} 28... Rxf5 29. Rhd1 $15) 29. Qxe5 $2 (29. Qd6 Qxc2 30. b3) 29... Qxc2 30. Rac1 Qd2+ 31. Rc3 Rc4 32. Qe6+ Kh8 {( -> ...Qd8+)} 33. Qe7 Rb8 {Accuracy: White = 37%, Black = 64%.} 0-1

[Event "17th Asian Continental-ch Open 2018"]
[Site "Makati City"]
[Date "2018.12.14"]
[Round "5.15"]
[White "Lalith Babu M R"]
[Black "Kunte, Abhijit"]
[Result "1/2-1/2"]
[WhiteElo "2529"]
[BlackElo "2469"]
[Annotator "TA"]
[PlyCount "39"]
[EventDate "2018.12.07"]
[EventType "swiss"]
[EventRounds "9"]
[EventCountry "PHI"]

{[%evp 24,30,8,6,13,8,7,6,17]} 1. c4 c5 2. Nf3 Nc6 3. Nc3 Nf6 4. e3 e6 5. d4 d5 6. Be2 dxc4 7. Bxc4 Be7 8. O-O O-O 9. a3 a6 10. dxc5 Bxc5 11. b4 Qxd1 12. Rxd1 Be7 {D40: Queen's Gambit Declined: Semi-Tarrasch with 5 e3} 13. Bb2 {LiveBook: 4 Games. The position is equal.} b5 (13... Rd8 14. Rxd8+ Bxd8 15. Bd3 Bd7 16. Ne4 Nxe4 17. Bxe4 {½-½ (31) Bu,X (2725)-Ni,H (2670) China 2018}) 14. Be2 Bb7 15. Nd2 Rfd8 {Predecessor:} 16. Nb3 $146 Rxd1+ 17. Rxd1 Rd8 18. Rc1 Nd7 19. Rd1 Nb6 20. Rxd8+ {½-½ (19) Borges Feria,Y (2427)-Pina Vega,S (2313) Havana 2014} 1/2-1/2

[Event "17th Asian Continental-ch Open 2018"]
[Site "Makati City"]
[Date "2018.12.14"]
[Round "5.16"]
[White "Ghaem Maghami, Ehsan"]
[Black "Amartuvshin, Ganzorig"]
[Result "1/2-1/2"]
[WhiteElo "2537"]
[BlackElo "2376"]
[Annotator "TA"]
[PlyCount "82"]
[EventDate "2018.12.07"]
[EventType "swiss"]
[EventRounds "9"]
[EventCountry "PHI"]

{[%evp 16,82,0,0,10,-5,-5,-13,0,0,0,0,48,47,47,49,89,81,131,77,74,52,99,96,99,82,89,76,127,122,137,135,132,120,131,122,134,131,125,128,125,122,110,117,135,125,149,146,171,171,288,302,294,293,270,259,268,255,241,0,32,0,0,0,0,0,0,0,0]} 1. d4 Nf6 2. Nf3 g6 3. c4 Bg7 4. Nc3 O-O 5. e4 d6 6. Be2 Na6 7. h3 e5 {E91: King's Indian: Classical: 6 Be2, unusual replies including 6...c5 and 6...Bg4} 8. dxe5 dxe5 9. Be3 {LiveBook: 8 Games} Qe7 (9... c6 10. O-O Qe7 11. Qc2 Nh5 12. Rfe1 Nf4 13. Bf1 Qf6 14. Nd2 Rd8 15. a3 Bf8 16. b4 Nc7 17. Nb3 Nce6 18. Rad1 Re8 {½-½ (103) Cramling,P (2453)-Hillarp Persson,T (2542) Lund 2018}) 10. a3 c6 11. b4 Nh5 12. O-O Nf4 13. Qc2 f5 $146 ({Predecessor:} 13... Nxe2+ 14. Nxe2 b6 {½-½ (48) Szabo,M (2237)-Bormida,A (2216) LSS email 2014}) 14. Bxf4 $1 exf4 15. Rae1 $36 {[%mdl 2048] White has good play.} Qf6 16. e5 Qe7 17. c5 (17. Nd5 $142 cxd5 18. cxd5) 17... Nc7 $16 18. Qd2 Ne6 19. Bc4 Kh8 20. Bxe6 Bxe6 21. Qxf4 h6 ({Black should try} 21... b6) 22. h4 g5 23. hxg5 hxg5 24. Qxg5 Qxg5 25. Nxg5 Bc4 26. f4 {And now Rf3 would win.} Bxf1 27. Rxf1 a5 28. Ne6 Rf7 29. Ne2 axb4 30. axb4 Ra2 31. N2d4 Rb2 32. Ng5 Rd7 (32... Rf8 $142) 33. Ra1 $18 {[#] Strongly threatening Ra8+.} ({Weaker is} 33. Nxf5 Rdd2 $16) 33... Bh6 34. Ra8+ ({Not} 34. Nxf5 Bxg5 35. fxg5 Rdd2 $11) 34... Kg7 35. Nxf5+ Kg6 36. Nxh6 Kxh6 {KRR-KRN} 37. Ra3 $2 {[#]} (37. Rg8 $18) 37... Rxb4 38. Rf3 Kg6 {The position is equal.} 39. e6 Rd1+ 40. Kf2 Rb2+ 41. Kg3 Re1 {Accuracy: White = 81%, Black = 63%.} 1/2-1/2